000 00868nam a22002297a 4500
999 _c15916
_d15916
003 AR-CdUCM
008 190308b ||||| |||| 00| 0 spa d
040 _aMUNICIPALIDAD PROVINCIAL DEL CUSCO
_cBIBLIOTECA MUNICIPAL DEL CUSCO
082 _a335.4 /
_bM26
100 _aMarx, Carlos
_92702
245 _a"El capital" visto por su autor /
260 _aMéxico :
_bGrijalbo,
_c1970.
300 _a156 paginas ;
_c19 cm.
440 _aColección
_n70
_92202
505 _aContenido : Federico Engels: El autor de "El capital" 1 la vida y la obra de Carlos Marx -- C. Marx y F. Engels: "El capital" y la economía política -- C. Marx y F. Engels: La creación de "El capital" ...
650 _aEl capital
_935154
650 _aSociología
_9276
650 _aPolítica
_9291
700 _aEngels, Federico
_95460
942 _2ddc
_cLIBROS
945 _arah
_d30/04/2019